RCD Espanyol Squad 2017-2018 - Statistics

General Stats
  • This quiz has been taken 21 times
  • The average score is 20 of 29
Answer Stats
# Position Nation Player % Correct
15 DF Spain David López
93%
13 GK Spain Diego López
93%
16 DF Spain Javi López
93%
1 GK Spain Pau López
93%
8 MF Colombia Carlos Sánchez
87%
17 FW Paraguay Hernán Pérez
87%
6 DF Costa Rica Óscar Duarte
87%
19 FW Argentina Pablo Piatti
87%
4 MF Spain Víctor Sánchez
87%
7 FW Spain Gerard Moreno
80%
25 MF Spain Sergi Darder
80%
9 FW Spain Sergio García
80%
24 DF Spain Sergio Sánchez
80%
11 FW Brazil Léo Baptistão
73%
5 DF Brazil Naldo
73%
21 MF Spain Marc Roca
67%
20 MF Senegal Pape Diop
67%
12 DF Spain Dídac Vilà
60%
23 MF Spain Esteban Granero
60%
- Coach Spain Quique Sánchez Flores
60%
3 DF Spain Aarón Martín
53%
18 MF Spain Javi Fuego
53%
10 MF Spain José Manuel Jurado
53%
14 MF Spain Oscar Melendo
53%
8 FW Spain Álvaro Vázquez
47%
22 DF Spain Mario Hermoso
47%
- Coach Spain David Gallego
40%
2 DF Spain Marc Navarro
40%
20 FW Spain Jairo Morillas
13%
No matching quizzes found
Score Distribution
Percent of People with Each Score
Percentile by Number Answered
Your Score History
You have not taken this quiz